000 01234nam a2200265Ia 4500
003 OSt
005 20221005111235.0
006 a|||||r|||| 00| 0
007 ta
008 221004b |||||||| |||| 00| 0 hin d
020 _a9788181438706 (hbk)
_c350
024 _a97087
037 _b391, 30/01/2009, Vani Prakashan
_cTextual
040 _aCRL
_cCRL
_bhin
041 _2hin
_ahin
082 _aY5927.2, 152P8
100 _aधर्मवीर
245 0 _aदलित चिन्तन का विकास
_b अभिशप्त से इतिहास चिन्तन की ओर
246 _aDalit chintan kā vikāsa: abhishapta se itihās chintan kī ora
260 _aनई दिल्ली
_bवाणी प्रकाशन भारत
_c2008
300 _a259पृ0
_ccm.
490 _aमातृसत्ता, पितृसत्ता और जारसत्ता पर डॉ. धर्मवीर की स्त्री - पुरूष के सम्बन्धों पर पुस्तक श्रृंखला
942 _hY5927.2, 152P8
_cTEXL
_2cc
999 _c1021241
_d1021241